[Event "Mecklenburg VP-ch U14"]
[Site "Malchow"]
[Date "2018.02.07"]
[Round "2.8"]
[White "Lange, Antonius"]
[Black "Stadach, Bo Uwe"]
[Result "1-0"]
[WhiteElo "1249"]
[BlackElo "1081"]
[PlyCount "43"]
[EventDate "2018.02.07"]
[EventType "swiss"]
[EventRounds "7"]
[EventCountry "GER"]
[SourceTitle "EXT 2022"]
[Source "ChessBase"]
[SourceDate "2021.10.06"]
[SourceVersion "1"]
[SourceVersionDate "2021.10.06"]
[SourceQuality "1"]

1. e4 e5 2. Nf3 Nc6 3. Bc4 Bc5 4. Nc3 Nf6 5. d3 d6 6. Be3 Bb6 7. 0-0 Bg4 8. Nd5 0-0 9. h3 Bh5 10. Bg5 h6 11. Nxf6+ gxf6 12. Bxh6 Re8 13. g4 Kh7 14. gxh5 Qd7 15. Kh2 Kxh6 16. Nh4 Kg5 17. Nf5 Qxf5 18. exf5 Rg8 19. Rg1+ Kf4 20. Rxg8 Rxg8 21. Qd2+ Kf3 22. Bd5+ 1-0

[Event "Mecklenburg VP-ch U14"]
[Site "Malchow"]
[Date "2018.02.07"]
[Round "5.10"]
[White "Stadach, Bo Uwe"]
[Black "Kruse, Johannes"]
[Result "1-0"]
[WhiteElo "1081"]
[BlackElo "1213"]
[PlyCount "88"]
[EventDate "2018.02.07"]
[EventType "swiss"]
[EventRounds "7"]
[EventCountry "GER"]
[SourceTitle "EXT 2022"]
[Source "ChessBase"]
[SourceDate "2021.10.06"]
[SourceVersion "1"]
[SourceVersionDate "2021.10.06"]
[SourceQuality "1"]

1. e4 e5 2. Nf3 Nc6 3. Bc4 Nf6 4. Ng5 d5 5. Bb3 h6 6. exd5 Nxd5 7. Nf3 Be7 8. Nc3 Nxc3 9. bxc3 Bg4 10. h3 Bh5 11. d4 e4 12. g4 exf3 13. gxh5 Na5 14. Qxf3 Nxb3 15. axb3 c6 16. Be3 Qd5 17. Qxd5 cxd5 18. 0-0 a6 19. c4 dxc4 20. bxc4 0-0 21. c5 Bg5 22. f4 Rfe8 23. Bd2 Re2 24. Rf2 Rxf2 25. Kxf2 Bh4+ 26. Kg2 Rd8 27. Be3 Rd5 28. c4 Rd7 29. d5 Re7 30. Bd4 Re4 31. Bf2 Bxf2 32. Kxf2 Rxc4 33. Ra5 Rxf4+ 34. Ke3 Rf5 35. Ke4 Rxh5 36. d6 Rh4+ 37. Kf5 Rd4 38. Ke5 Rd3 39. Ra4 Rxh3 40. d7 Rd3 41. Rd4 Rxd4 42. Kxd4 g5 43. d8Q+ Kg7 44. Ke5 g4 1-0

[Event "Mecklenburg VP-ch Youth"]
[Site "Malchow"]
[Date "2017.02.14"]
[Round "2.7"]
[White "Bohndorf, Jonas"]
[Black "Stadach, Bo Uwe"]
[Result "0-1"]
[WhiteElo "729"]
[BlackElo "949"]
[PlyCount "24"]
[EventDate "2017.02.08"]
[EventType "swiss"]
[EventRounds "7"]
[EventCountry "GER"]
[SourceTitle "EXT 2022"]
[Source "ChessBase"]
[SourceDate "2021.10.06"]
[SourceVersion "1"]
[SourceVersionDate "2021.10.06"]
[SourceQuality "1"]

1. e4 e5 2. Nf3 Nc6 3. Bc4 Bc5 4. Ng5 Qxg5 5. d3 Qxg2 6. Rf1 Nf6 7. Nc3 Ng4 8. Qe2 Nd4 9. Qd1 Nf3+ 10. Ke2 Nxf2 11. a3 Nxd1+ 12. Kxd1 Qxf1# 0-1

[Event "Mecklenburg VP-ch Youth"]
[Site "Malchow"]
[Date "2017.02.14"]
[Round "5.5"]
[White "Sonntag, Jan Hendric"]
[Black "Stadach, Bo Uwe"]
[Result "0-1"]
[WhiteElo "1092"]
[BlackElo "949"]
[PlyCount "62"]
[EventDate "2017.02.08"]
[EventType "swiss"]
[EventRounds "7"]
[EventCountry "GER"]
[SourceTitle "EXT 2022"]
[Source "ChessBase"]
[SourceDate "2021.10.06"]
[SourceVersion "1"]
[SourceVersionDate "2021.10.06"]
[SourceQuality "1"]

1. e4 e5 2. Nf3 Nc6 3. Bc4 Bc5 4. d3 Nf6 5. Bg5 d6 6. h3 Be6 7. Bb3 0-0 8. 0-0 h6 9. Bh4 d5 10. exd5 Bxd5 11. Bxd5 Qxd5 12. Bxf6 gxf6 13. Nc3 Qe6 14. Nb5 Qd7 15. Qd2 Kh7 16. Qc3 Bb4 17. Qc4 a6 18. Nc3 b5 19. Qh4 Be7 20. Rfe1 Rg8 21. Qh5 Rg7 22. Re4 Qe6 23. a3 Rag8 24. g3 Bc5 25. Kh1 f5 26. Rh4 Nd4 27. Nd5 Rg6 28. Nxc7 Qc6 29. Kh2 Nxf3+ 30. Kh1 Nxh4+ 31. Kg1 Qg2# 0-1

[Event "Mecklenburg VP-ch Youth"]
[Site "Malchow"]
[Date "2017.02.14"]
[Round "6.2"]
[White "Stadach, Bo Uwe"]
[Black "Grossmann, Piet"]
[Result "0-1"]
[WhiteElo "949"]
[BlackElo "1283"]
[PlyCount "98"]
[EventDate "2017.02.08"]
[EventType "swiss"]
[EventRounds "7"]
[EventCountry "GER"]
[SourceTitle "EXT 2022"]
[Source "ChessBase"]
[SourceDate "2021.10.06"]
[SourceVersion "1"]
[SourceVersionDate "2021.10.06"]
[SourceQuality "1"]

1. e4 e6 2. d4 d5 3. exd5 exd5 4. Nf3 Bd6 5. Bd3 Ne7 6. Nc3 c6 7. Be3 Bf5 8. Qe2 Bxd3 9. Qxd3 Nd7 10. 0-0 Qc7 11. h3 0-0-0 12. a4 f6 13. a5 h5 14. h4 Rdg8 15. a6 b6 16. Ne2 g6 17. c4 Kb8 18. c5 bxc5 19. dxc5 Bxc5 20. Bf4 Bd6 21. Qb3+ Nb6 22. Ra4 Ka8 23. Rb4 Nec8 24. g3 Qe7 25. Bxd6 Qxd6 26. Rc1 c5 27. Rb5 c4 28. Qb4 Qxb4 29. Rxb4 g5 30. hxg5 fxg5 31. Nfd4 h4 32. gxh4 gxh4+ 33. Kh2 Nd6 34. f3 Rf8 35. Rf1 Rf6 36. Rg1 Nf5 37. Nxf5 Rxf5 38. Nd4 Rf4 39. Nc6 Rc8 40. Ne7 Re8 41. Rg7 Rxf3 42. Nc6 Re2+ 43. Rg2 Rxg2+ 44. Kxg2 Rg3+ 45. Kh2 c3 46. bxc3 Rxc3 47. Rxh4 Rxc6 48. Rh8+ Rc8 49. Rxc8+ Nxc8 0-1